书目信息 |
| 题名: |
中国电力行业党建工作理论与实践创新成果文辑
|
|
| 作者: | ||
| 分册: | ||
| 出版信息: | 北京 人民出版社 2017 |
|
| 页数: | 611页 | |
| 开本: | 26cm | |
| 丛书名: | ||
| 单 册: | ||
| 中图分类: | D267.1 | |
| 科图分类: | ||
| 主题词: | ||
| 电子资源: | ||
| ISBN: | 978-7-01-018401-2 | |
| 000 | 00933nam0 2200229 45 | |
| 001 | 012001005314 | |
| 005 | 20141008151018.0 | |
| 010 | @a978-7-01-018401-2@dCNY496.00 | |
| 100 | @a20180412d2017 em y0chiy50 ea | |
| 101 | 0 | @achi |
| 102 | @aCN@b110000 | |
| 105 | @aa z 000yy | |
| 106 | @ar | |
| 200 | 1 | @a中国电力行业党建工作理论与实践创新成果文辑@9zhong guo dian li hang ye dang jian gong zuo li lun yu shi jian chuang xin cheng guo wen ji |
| 210 | @a北京@c人民出版社@d2017 | |
| 215 | @a611页@c图@d26cm@e1光盘 | |
| 307 | @a附光盘:ISBN 978-7-900251-52-7 | |
| 330 | @a本书分为全面管理篇、思想建设篇、组织建设篇、党风廉政建设篇、创新与实践篇和思考与探索篇,收录了《开创中国能建改革创新发展新局面》、《中共冀北电力有限公司党校建设新征程》、《健全和完善党建工作平台研究》等文章。 | |
| 601 | 02 | @a中国共产党@x电力工业@x党的建设@j文集 |
| 690 | @aD267.1@v5 | |
| 801 | 0 | @aCN@b上海新华@c20180901 |
| 905 | @b1173553-4@dD267.1@e306@f2 | |
| 中国电力行业党建工作理论与实践创新成果文辑.-北京:人民出版社,2017 |
| 611页:图;26cm+1光盘 |
| ISBN 978-7-01-018401-2:CNY496.00 |
| 本书分为全面管理篇、思想建设篇、组织建设篇、党风廉政建设篇、创新与实践篇和思考与探索篇,收录了《开创中国能建改革创新发展新局面》、《中共冀北电力有限公司党校建设新征程》、《健全和完善党建工作平台研究》等文章。 |
| ● |
| 相关链接 |
|
|
|
|
正题名:中国电力行业党建工作理论与实践创新成果文辑
索取号:D267.1/306
 
预约/预借
| 序号 | 登录号 | 条形码 | 馆藏地/架位号 | 状态 | 备注 |
| 1 | 1173553 | 211735531 | 第一样本阅览室/ [索取号:D267.1/306] | 在馆 | |
| 2 | 1173554 | 211735540 | 第一借阅区/ [索取号:D267.1/306] | 在馆 |